|
|
|
|
| LEADER |
00000cam a22000005a 4500 |
| 001 |
vtls001475962 |
| 003 |
SK-MaSNL |
| 005 |
20260224203329.0 |
| 008 |
040602s1849 xo 00000 slo |
| 035 |
|
|
|a SNK000431263
|
| 040 |
|
|
|a SNK
|b slo
|c SNK
|e AACR2
|
| 041 |
0 |
|
|a slo
|
| 044 |
|
|
|a xo
|c SK
|
| 245 |
0 |
0 |
|a Nowá čitanka pre menssú Mládež Školskú wydaná skrz Společnost Wychowawatelskú w Orawe
|
| 260 |
|
|
|a W B. Bystřicí
|b tlačow Filipa Machold
|c 1849
|
| 300 |
|
|
|a 44 s.
|
| 852 |
|
|
|a Slovenská národná knižnica v martine
|b 10000
|h SD 1191
|
| 999 |
|
|
|c 1161353
|d 1163283
|
| 952 |
|
|
|t P60, <04>, [BOOK], {604}
|a SNK
|b SNK
|y PREZ
|7 0
|p 17A0430515
|o snkSD 1191 D1
|i snk895/40
|0 0
|1 0
|4 0
|d 2004-06-02
|l 0
|r 2005-01-02 00:00:00
|w 2026-02-24
|
| 952 |
|
|
|a SNK
|b SNK
|y PREZ
|7 0
|p 17A1185499
|o snkSD 1191
|i snk 2817/28
|3 rekatalogizácia
|0 0
|1 0
|4 0
|d 2016-05-04
|l 0
|r 2025-10-23 00:00:00
|w 2026-02-24
|